000 00411nam a2200169Ia 4500
008 100324t2003 xxu||||| |||| 00| 0 sin d
041 _asin
080 _aX8S31
_bSAM
100 _aSamarasingha, Juliet
245 _aවසුන්දරා
246 _aWasundara
260 _bAuthor
_aWattala
_c2003
300 _a248p., 21 cm
942 _cBK
999 _c72100
_d72100
003 LK-CoDNM
040 _aLK-CoDNM
_dLK-CoDNM
_eLK-CoDNM